| 000 | 01069nam a22001817a 4500 | ||
|---|---|---|---|
| 999 |
_c63932 _d63932 |
||
| 003 | Ge_BSU | ||
| 005 | 20260224172802.0 | ||
| 008 | 260224s1970 ge ||||| |||| 00| 0 geo d | ||
| 041 | _ageo | ||
| 080 | _a631.15(075.8) კ-68 | ||
| 245 |
_aკოლმეურნეობებსა და საბჭოთა მეურნეობებში წარმოების ორგანიზაციისა და დაგეგმვის პრაქტიკუმი : _b[დამხმ. სახელმძღვ. უმაღლ. სას.-სამ. სასწავლებლების სტუდენტებისათვის] / _cგ.მ. ლოზას რედაქციით. |
||
| 264 |
_aთბ. : _bგანათლება, _c1970. |
||
| 300 |
_a503 გვ. ; _b22 სმ. |
||
| 653 | _aკოლმეურნეობები | ||
| 653 | _aწარმოების ორგანიზაცია. | ||
| 653 | _aსაბჭოთა მეურნეობები | ||
| 942 |
_2udc _cᲬᲘᲒᲜᲘ |
||